Lễ hội về nữ thần của người Việt

Giới thiệu nguồn gốc của lễ hội về nữ thần. Đồng thời miêu thuật một số lễ hội về nữ thần và những đặc điểm của lễ hội về nữ thần ở Việt Nam

Enregistré dans:
Détails bibliographiques
Auteur principal: Nguyễn Minh San
Format: Livre
Langue:Vietnamese
Publié: H. Văn hoá dân tộc 2011
Sujets:
Tags: Ajouter un tag
Pas de tags, Soyez le premier à ajouter un tag!
Thư viện lưu trữ: Mạng thư viện Đại học Đà Nẵng
LEADER 01452aam a22003618a 4500
001 000015928
003 12316
005 20120606140614.0
008 120606s2011 viesd
020 |a 9786047000746  |d 2000b 
041 0 |a vie 
082 1 4 |2 14  |a 394.2609597  |b NG-S 
100 1 |a Nguyễn Minh San 
245 1 0 |a Lễ hội về nữ thần của người Việt  |c Nguyễn Minh San 
260 |a H.  |b Văn hoá dân tộc  |c 2011 
300 |a 253tr.  |c 21cm 
500 |a ĐTTS ghi: Hội Văn nghệ dân gian Việt Nam 
504 |a Thư mục: tr. 251-253 
520 |a Giới thiệu nguồn gốc của lễ hội về nữ thần. Đồng thời miêu thuật một số lễ hội về nữ thần và những đặc điểm của lễ hội về nữ thần ở Việt Nam 
650 7 |2 Bộ TK TVQG  |a Văn hoá truyền thống 
650 7 |2 Bộ TK TVQG  |a Phụ nữ 
650 7 |2 Bộ TK TVQG  |a Lễ hội cổ truyền 
651 7 |2 Bộ TK TVQG  |a Việt Nam 
OWN |a LSP 
AVA |a UDN50  |b LSP  |d 394.2609597 NG-S  |e available  |t Error 5001 Not defined in file expand_doc_bib_avail.  |f 1  |g 0  |h N  |i 0  |k 1 
999 |a From the UDN01 
AVA |a UDN50  |b LSP  |d 394.2609597 NG-S  |e available  |t Error 5001 Not defined in file expand_doc_bib_avail.  |f 1  |g 0  |h N  |i 0  |k 1 
TYP |a Monograph 
TYP |a Printed language 
980 |a Mạng thư viện Đại học Đà Nẵng